000 00718nam a2200229Ia 4500
003 OSt
005 20220923224101.0
006 a|||||r|||| 00| 0
007 ta
008 220922b |||||||| |||| 00| 0 pan d
024 _a225,332
037 _cTextual
040 _aARTS
_cARTS
_bpan
041 _2pan
_apan
082 _aQ8441:21x, 153N5
100 _aਕੋਹਲੀ, ਨਰਿੰਦਰ ਸਿੰਘ
245 0 _aਧੁਰ ਕੀ ਬਾਣੀ
260 _aਨਵੀਜ਼ ਦਿੱਲੀ
_b ਔਨ ਕੇ ਪਬਲੀFਰਗ਼
_c1995
300 _a323ਪੰ
_ccm.
942 _hQ8441:21x, 153N5
_cTEXL
_2CC
999 _c369112
_d369112